| 000 | 00449nam a2200169Ia 4500 | ||
|---|---|---|---|
| 008 | 230917s9999||||xx |||||||||||||| ||und|| | ||
| 020 | _cRS 850.00 | ||
| 040 |
_e5006944 _aMAIN |
||
| 041 | _aEnglish | ||
| 082 | _a658.3 M311H | ||
| 100 | _aMamoria, C B | ||
| 245 | 0 | _aHuman resource management | |
| 260 |
_aMumbai _bHimalaya Publishing House _c2022 |
||
| 300 | _a671 p. | ||
| 500 | _a4763 13/12/2022 HBD23/9679 19/01/2023 Main Budget | ||
| 942 | _cBK | ||
| 999 |
_c6943 _d6943 |
||